Harry Potter: les Veracrasses - Statistiques

Statistiques générales
  • Ce quiz a été pris 35 fois
  • Le résultat moyen est 3 sur 5
Statistiques - réponses
Information Réponses % Correct
Dernière apparition Harry Potter et le Prince de Sang-Mêlé
100%
Descrption Gros ver
61%
Première apparition Harry Potter et le Prisonnier d'Azkaban
50%
Couleur Marron
43%
Taille 25 centimètres
21%
Aucun quiz correspondant
Distribution des résultats
% des personnes avec chaque résultat
Percentile par nombre de réponses
Votre historique - résultats
Vous n’avez pas pris ce quiz